000 00949nam a2200253 a 4500
001 56432
003 BD-RjUL
005 20211209080408.0
008 161129b19901971bg ||||| |||| 00| 0 ben d
020 _c: Tk. 20.00
035 _a(BD-RjUL)56556
040 _aBD-RjUL
_bben
_cBD-RjUL
_dBD-RjUL
041 _aben
082 _223
_a510.3
_bGAN 1990
245 0 0 _aগণিতশাস্ত্র পরিভাষাকোষ = [Terminology of Mathematics]
260 _aঢাকা :
_bবাংলা একাডেমী,
_c১৯৭১ [পুনমুর্দ্রণ ১৯৯০]
300 _a৮৪ পৃ. ;
_c২৩ সেমি.
490 _aবা. এ. ;
_v২৪০৩
650 _aঅংকশাস্ত্র
_vঅভিধান
_9167861
650 _aMathematics
_vDictionaries
_9167862
710 _aবাংলা একাডেমী
_9167863
830 _aবা. এ. ;
_v২৪০৩
_9220909
942 _2ddc
_cREF
999 _c56432
_d56432